00351nam a22001097a 4500082001000000100001900010245009600029260003700125300001900162650003700181700002300218 a621.3 aHussain, Tahir aHW Implementation of Deblocking Filter for H.264 for real time Application /cTahir Hussain aIslamabad :bCEME - NUST,c2014. a48 p. ;c30cm. aElectrical Engineering-MS-Thesis aDr. Qaiser Chaudry